Statistics for Most Populated Cities In the Middle East

Click here to take the quiz!

General Stats

  • This quiz has been taken 66 times
    (21 since last reset)
  • The average score is 12 of 13

Answer Stats

HintAnswer% Correct
UAEDubai
95%
IsraelJerusalem
95%
Saudi ArabiaRiyadh
95%
YemenSanaa
95%
SyriaAleppo
89%
IraqBaghdad
89%
QatarDoha
89%
TurkeyIstanbul
89%
OmanMuscat
89%
IranTehran
89%
JordanAmman
84%
KuwaitKuwait City
84%
BahrainManama
84%

Score Distribution

Percentile by Number Answered

Percent of People with Each Score

Your Score History

You have not taken this quiz since the last reset